• 首页
  • 本馆介绍
  • 公告通知
  • 最新文献
  • 馆藏检索
  • 电子资源
  • 读者导购
  • 参考咨询
  • 我的图书馆
  • 登录
  • 详细信息显示
  • 放入我的书架
  • 预约/预借图书
  • 作者相关作品
  • 分类相关作品
  • 丛书相关作品
  • 出版社相关作品

书目信息

  • 表格格式
  • 工作单格式
  • 卡片格式
题名:
应急管理综合行政执法
    
 
作者: 鲁海文 著
分册:  
出版信息: 长沙   中南大学出版社  2022.07
页数: 215页
开本: 24cm
丛书名:
单 册:
中图分类: D922.110.4
科图分类:
主题词: 突发事件--tu fa shi jian--行政执法--研究--中国
电子资源:
ISBN: 978-7-5487-4987-5
000 01188nam0 2200241 450
001 CAL 012022036749
005 20230217093112.0
010    @a978-7-5487-4987-5@dCNY88.00
100    @a20221020d2022 em y0chiy0120 ea
101 0  @achi
102    @aCN@b430000
105    @ay a 000yy
106    @ar
200 1  @a应急管理综合行政执法@Aying ji guan li zong he xing zheng zhi fa@f鲁海文著
210    @a长沙@c中南大学出版社@d2022.07
215    @a215页@d24cm
320    @a有书目 (第215页)
330    @a本书根据应急管理机构改革以后的体制, 对应急管理综合行政执法活动进行了研究, 以法学理论为指导, 对现有应急管理方面的法律、法规进行了梳理, 对执法主体和权限进行了界定, 对相关执法程序予以明确。结合当前以着力提升监管执法能力为目标的应急管理科技和信息化体系建设, 本书在传统的执法理论中增加了的综合行政执法信息系统使用内容。同时, 展望建设中的应急管理法律体系蓝图, 结合应急管理实际, 对为适应大应急、多灾种而亟需实施严格、协调、精准执法的应急管理综合执法模式诸多理论和实践问题进行了论述和探讨。
606 0  @a突发事件@Atu fa shi jian@x行政执法@x研究@y中国
690    @aD922.110.4@v5
701  0 @a鲁海文@Alu hai wen@4著
801  0 @aCN@bBJXHZP@c20230228
905    @b1395692-5@dD922.110.4@e2268@f4
    
    应急管理综合行政执法/鲁海文著.-长沙:中南大学出版社,2022.07
    215页;24cm
    
    
    ISBN 978-7-5487-4987-5:CNY88.00
    本书根据应急管理机构改革以后的体制, 对应急管理综合行政执法活动进行了研究, 以法学理论为指导, 对现有应急管理方面的法律、法规进行了梳理, 对执法主体和权限进行了界定, 对相关执法程序予以明确。结合当前以着力提升监管执法能力为目标的应急管理科技和信息化体系建设, 本书在传统的执法理论中增加了的综合行政执法信息系统使用内容。同时, 展望建设中的应急管理法律体系蓝图, 结合应急管理实际, 对为适应大应急、多灾种而亟需实施严格、协调、精准执法的应急管理综合执法模式诸多理论和实践问题进行了论述和探讨。
●
相关链接 在E读中查询图书 在五车中查询图书 在当当中查询图书 在豆瓣中查询图书


正题名:应急管理综合行政执法     索取号:D922.110.4/2268         预约/预借

序号 登录号 条形码 馆藏地/架位号 状态 备注
1 1395692   213956922   第一样本阅览室/ [索取号:D922.110.4/2268] 在馆    
2 1395693   213956931   第一借阅区/ [索取号:D922.110.4/2268] 在馆    
3 1395694   213956940   第一借阅区/ [索取号:D922.110.4/2268] 在馆    
4 1395695   213956959   第一借阅区/ [索取号:D922.110.4/2268] 在馆    
唐山师范学院图书馆 欢迎您!
大连网信软件有限公司© 版权所有